00487nam a2200157Ia 4500008004100000100002300041245011200064260001200176260001100188260000900199300000700208650001100215942000900226999001500235952007900250160118s9999 xx 000 0 und d aKularathne,K.A..J. aIsolation of Antifungal Compounds from an Endolichenic Fungus Aspergillus Fumigatus Isolated From Usnea Sp. aColombo bIchemc c2011 a54 aFungus cbook c3050d3050 0010708NFICaICbICcGENd2016-01-18l0pD0077r2016-01-18 00:00:00yDIS